[Event "CAN-op"]
[Site "Ottawa CAN"]
[Date "2013.07.15"]
[Round "4"]
[White "Chan, James"]
[Black "Cohen, David"]
[Result "1-0"]
[WhiteElo "2184"]
[BlackElo "1866"]
[PlyCount "77"]
[GameId "2160767739579302"]
[EventDate "2013.07.13"]
[EventType "swiss"]
[EventRounds "9"]
[EventCountry "CAN"]
[TimeControl "5400+30"]

1. e4 c5 2. Nf3 d6 3. d4 cxd4 4. Nxd4 Nf6 5. Nc3 Nc6 6. Bg5 e6 7. Qd2 Be7 8. O-O-O a6 9. f4 Bd7 10. Nf3 Qc7 11. e5 dxe5 12. fxe5 Ng4 13. Bxe7 Nxe7 14. h3 Nh6 15. Qg5 Nhf5 16. g4 h6 17. Qf4 g5 18. Qh2 Bc6 19. gxf5 Bxf3 20. fxe6 O-O 21. Rd7 Qc5 22. Bg2 fxe6 23. Bxf3 Rxf3 24. Re1 Rxc3 25. bxc3 Qxc3 26. Kd1 Nf5 27. Qe2 Rc8 28. Qd3 Qa5 29. Qb3 Re8 30. c3 b5 31. Kc1 Qb6 32. Qd1 Qa5 33. Qb3 Qb6 34. Kb1 Ne3 35. Rd6 Qc7 36. Rxe3 Qf7 37. Qd1 Qf5+ 38. Qd3 Qf7 39. Rf3 1-0

[Event "CAN-op"]
[Site "Ottawa CAN"]
[Date "2013.07.15"]
[Round "4"]
[White "Chirila, Ioan Christian"]
[Black "Sokolov, Ivan"]
[Result "0-1"]
[WhiteElo "2519"]
[BlackElo "2642"]
[PlyCount "122"]
[GameId "2160767909313657"]
[EventDate "2013.07.13"]
[EventType "swiss"]
[EventRounds "9"]
[EventCountry "CAN"]

1. e4 e5 2. Nf3 Nc6 3. Bb5 a6 4. Ba4 Nf6 5. O-O Be7 6. d3 d6 7. c3 O-O 8. Re1 b5 9. Bc2 d5 10. Nbd2 d4 11. cxd4 exd4 12. a3 Nd7 13. h3 Nb6 14. Nf1 a5 15. Bb3 a4 16. Ba2 b4 17. axb4 Nxb4 18. Bb1 c5 19. Ng3 Re8 20. Bf4 Be6 21. Bc2 c4 22. Be5 Bc5 23. Ne2 cxd3 24. Bxd3 Bb3 25. Qd2 Bc4 26. Bb1 Bxe2 27. Qxe2 d3 28. Qd1 Rxe5 29. Nxe5 Qf6 30. Nxd3 Nxd3 31. Bxd3 Bxf2+ 32. Kh1 Bxe1 33. Qxe1 Qxb2 34. e5 Re8 35. Rb1 Qd4 36. Qa5 Qxd3 37. Rxb6 Qf1+ 38. Kh2 Qf4+ 39. Kh1 h6 40. Rb4 Qc1+ 41. Kh2 a3 42. Ra4 Rb8 43. Qd5 Qe3 44. Re4 Qb3 45. Qxb3 Rxb3 46. Ra4 Kf8 47. Ra7 g5 48. Ra6 h5 49. Ra7 h4 50. Kg1 Rb1+ 51. Kf2 Rb2+ 52. Kf3 a2 53. g3 Rb3+ 54. Ke4 Rxg3 55. Rxa2 Rxh3 56. Kf5 Rg3 57. Kf6 Kg8 58. Ra8+ Kh7 59. Ra7 Kh6 60. Kxf7 Rf3+ 61. Kg8 Re3 0-1

[Event "CAN-op"]
[Site "Ottawa CAN"]
[Date "2013.07.15"]
[Round "4"]
[White "Derraugh, Geordie"]
[Black "Perez Garcia, Rodney Oscar"]
[Result "1/2-1/2"]
[WhiteElo "2120"]
[BlackElo "2364"]
[PlyCount "59"]
[GameId "2160767909313658"]
[EventDate "2013.07.13"]
[EventType "swiss"]
[EventRounds "9"]
[EventCountry "CAN"]
[SourceTitle "CBM 155 Extra"]
[Source "ChessBase"]
[SourceDate "2013.08.26"]
[SourceVersion "1"]
[SourceVersionDate "2013.08.26"]
[SourceQuality "1"]

1. e4 e5 2. Nf3 Nc6 3. d4 exd4 4. Bc4 Bc5 5. c3 Nf6 6. cxd4 Bb4+ 7. Bd2 Bxd2+ 8. Nbxd2 d5 9. exd5 Nxd5 10. Qb3 Nce7 11. O-O O-O 12. Rfe1 c6 13. Ne4 Qb6 14. Nc3 Qxb3 15. Bxb3 Be6 16. Ng5 Bd7 17. Re5 h6 18. Nf3 Be6 19. Rae1 Rad8 20. g3 Nc7 21. Na4 Ng6 22. R5e3 Nd5 23. R3e2 Nc7 24. Bxe6 Nxe6 25. Nc5 Nxc5 26. dxc5 Rd5 27. Ne5 Nxe5 28. Rxe5 Rd2 29. R1e2 Rfd8 30. Kg2 1/2-1/2

[Event "CAN-op"]
[Site "Ottawa CAN"]
[Date "2013.07.15"]
[Round "4"]
[White "Kenney, David"]
[Black "Duggal, Miles"]
[Result "1/2-1/2"]
[WhiteElo "1936"]
[BlackElo "1231"]
[PlyCount "74"]
[GameId "2160767909313660"]
[EventDate "2013.07.13"]
[EventType "swiss"]
[EventRounds "9"]
[EventCountry "CAN"]

1. d4 Nf6 2. Nf3 e6 3. e3 c5 4. Bd3 cxd4 5. exd4 Nc6 6. c3 h6 7. O-O Be7 8. Nbd2 O-O 9. Re1 d5 10. Ne5 Nd7 11. f4 Bh4 12. g3 Bf6 13. Ndf3 Qb6 14. Kh1 Qc7 15. Bd2 a6 16. Qe2 b5 17. Rf1 Bb7 18. Rae1 Rfe8 19. Kg1 Nb6 20. Rf2 Rac8 21. Qf1 Nc4 22. Bc1 Nd6 23. Qh3 Na5 24. g4 Ne4 25. Rc2 Qe7 26. Rg2 Nc4 27. g5 hxg5 28. fxg5 Bxe5 29. dxe5 Qc5+ 30. Kf1 g6 31. Qg4 Kg7 32. h4 Rh8 33. Qf4 Rh7 34. Ree2 Rch8 35. Rh2 Rh5 36. Qg4 Qc7 37. Qf4 Qc5 1/2-1/2

[Event "CAN-op"]
[Site "Ottawa CAN"]
[Date "2013.07.15"]
[Round "4"]
[White "Kiewra, Keaton F"]
[Black "Chernik, Dmitry"]
[Result "1-0"]
[WhiteElo "2422"]
[BlackElo "1922"]
[PlyCount "47"]
[GameId "2160767909313661"]
[EventDate "2013.07.13"]
[EventType "swiss"]
[EventRounds "9"]
[EventCountry "CAN"]
[SourceTitle "CBM 155 Extra"]
[Source "ChessBase"]
[SourceDate "2013.08.26"]
[SourceVersion "1"]
[SourceVersionDate "2013.08.26"]
[SourceQuality "1"]

1. d4 Nf6 2. c4 g6 3. g3 Bg7 4. Bg2 d6 5. Nc3 O-O 6. e4 e5 7. Nge2 Re8 8. d5 Na6 9. O-O Bd7 10. h3 Re7 11. Bg5 h6 12. Be3 Qe8 13. Qd2 Kh7 14. Rab1 Rb8 15. Bxa7 Rd8 16. Be3 b5 17. cxb5 Bxb5 18. Nxb5 Qxb5 19. Nc3 Qb4 20. Rfe1 Ra8 21. Qc2 h5 22. a3 Qa5 23. b4 Qxa3 24. Rb3 1-0

[Event "CAN-op"]
[Site "Ottawa CAN"]
[Date "2013.07.15"]
[Round "4"]
[White "Sambuev, Bator"]
[Black "Piasetski, Leon"]
[Result "1-0"]
[WhiteElo "2530"]
[BlackElo "2279"]
[PlyCount "62"]
[GameId "2160767909313663"]
[EventDate "2013.07.13"]
[EventType "swiss"]
[EventRounds "9"]
[EventCountry "CAN"]
[SourceTitle "CBM 155 Extra"]
[Source "ChessBase"]
[SourceDate "2013.08.26"]
[SourceVersion "1"]
[SourceVersionDate "2013.08.26"]
[SourceQuality "1"]

1. d4 d5 2. c4 e6 3. Nc3 Nf6 4. Bg5 c6 5. e3 Nbd7 6. cxd5 exd5 7. Bd3 Be7 8. Nge2 Nh5 9. Bxe7 Qxe7 10. g4 Nhf6 11. Ng3 Nb6 12. g5 Nfd7 13. h4 Nf8 14. Qe2 Bd7 15. O-O-O O-O-O 16. e4 dxe4 17. Bxe4 Kb8 18. Rhe1 Bc8 19. Qf3 Qc7 20. Kb1 Be6 21. Nh5 h6 22. Nxg7 hxg5 23. hxg5 Rh3 24. Nxe6 Rxf3 25. Nxc7 Rxf2 26. Rf1 Rxf1 27. Rxf1 Kxc7 28. Rxf7+ Nbd7 29. Bf5 Kd6 30. g6 Nxg6 31. Bxg6 Rg8 1-0

[Event "CAN-op"]
[Site "Ottawa CAN"]
[Date "2013.07.15"]
[Round "4.4"]
[White "Fu, James"]
[Black "Gerzhoy, Leonid"]
[Result "0-1"]
[WhiteElo "2257"]
[BlackElo "2571"]
[PlyCount "100"]
[GameId "2160767909313665"]
[EventDate "2013.07.13"]
[EventType "swiss"]
[EventRounds "9"]
[EventCountry "CAN"]

1. Nf3 d5 2. d4 Nf6 3. g3 Bg4 4. Ne5 Bh5 5. Bg2 e6 6. c4 c6 7. Qb3 Qb6 8. e3 Nbd7 9. Nxd7 Nxd7 10. Nd2 Be7 11. c5 Qc7 12. O-O O-O 13. Re1 b6 14. cxb6 axb6 15. e4 Nf6 16. Qc3 Bg6 17. exd5 Nxd5 18. Qb3 Bf6 19. Nf3 c5 20. Ne5 cxd4 21. Nxg6 hxg6 22. Bxd5 exd5 23. Qxd5 Rfd8 24. Bf4 Rxd5 25. Bxc7 b5 26. Re2 d3 27. Rd2 Bg5 28. f4 Be7 29. a3 Bc5+ 30. Kg2 b4 31. Kf3 Rd7 32. Be5 f6 33. Rc1 Be7 34. Rc7 Rad8 35. Rxd7 Rxd7 36. Bb8 bxa3 37. bxa3 Rb7 38. f5 Rxb8 39. fxg6 Rb3 40. Ke4 Bxa3 41. Rxd3 f5+ 42. Kd4 Bc5+ 43. Kc4 Rxd3 44. Kxd3 Kf8 45. Ke2 Ke7 46. Kf3 Kf6 47. h4 Kxg6 48. g4 fxg4+ 49. Kxg4 Kh6 50. h5 Be7 0-1

[Event "CAN-op"]
[Site "Ottawa CAN"]
[Date "2013.07.15"]
[Round "4.9"]
[White "Rozentalis, Eduardas"]
[Black "Yam, Alex"]
[Result "1-0"]
[WhiteElo "2601"]
[BlackElo "2367"]
[PlyCount "47"]
[GameId "2160767909313668"]
[EventDate "2013.07.13"]
[EventType "swiss"]
[EventRounds "9"]
[EventCountry "CAN"]

1. e4 d5 2. exd5 Nf6 3. d4 Nxd5 4. Nf3 g6 5. Bc4 Bg7 6. O-O O-O 7. h3 b6 8. Re1 Bb7 9. Bg5 Re8 10. Bb3 c5 11. c3 Nd7 12. Na3 cxd4 13. cxd4 a6 14. Nc4 Nf8 15. Qd2 Nf6 16. Nce5 Bd5 17. Bh6 Ne6 18. Bxg7 Kxg7 19. Qe3 h6 20. Nxf7 Kxf7 21. Qxh6 Rg8 22. Bxd5 Nxd5 23. Ne5+ Ke8 24. Qh7 1-0

[Event "CAN-op"]
[Site "Ottawa CAN"]
[Date "2013.07.15"]
[Round "4.13"]
[White "Du, Digeng"]
[Black "Oliva Castaneda, Kevel"]
[Result "1/2-1/2"]
[WhiteElo "2009"]
[BlackElo "2399"]
[PlyCount "79"]
[GameId "2160767909313670"]
[EventDate "2013.07.13"]
[EventType "swiss"]
[EventRounds "9"]
[EventCountry "CAN"]

1. d4 Nf6 2. c4 g6 3. Nc3 Bg7 4. Nf3 O-O 5. g3 d6 6. Bg2 Nc6 7. O-O a6 8. b3 Rb8 9. Nd5 Nh5 10. Bb2 e6 11. Nc3 Ne7 12. Rc1 b5 13. cxb5 axb5 14. Qc2 b4 15. Na4 Ba6 16. Rfd1 Rb7 17. Ne1 Ra7 18. Nd3 Qb8 19. Qd2 Bb5 20. Nxb4 Bxa4 21. bxa4 Rxa4 22. a3 Nf6 23. Rc4 Ra7 24. Rdc1 d5 25. R4c2 Nd7 26. Qd3 Qb6 27. Qd2 Rb8 28. e3 Nf6 29. Rc5 Ne8 30. Qc2 Nd6 31. Rxc7 Nc4 32. Rxa7 Qxa7 33. Ra1 Nxb2 34. Qxb2 Qa4 35. Rc1 Bf8 36. Bf1 Nf5 37. Qc3 Bxb4 38. axb4 Qxb4 39. Qxb4 Rxb4 40. Bd3 1/2-1/2

[Event "CAN-op"]
[Site "Ottawa CAN"]
[Date "2013.07.15"]
[Round "4.14"]
[White "De Kerpel, Stijn"]
[Black "Perelshteyn, Eugene"]
[Result "0-1"]
[WhiteElo "2157"]
[BlackElo "2571"]
[PlyCount "70"]
[GameId "2160767909313671"]
[EventDate "2013.07.13"]
[EventType "swiss"]
[EventRounds "9"]
[EventCountry "CAN"]

1. e4 c5 2. Nf3 g6 3. d4 Bg7 4. dxc5 Qa5+ 5. c3 Qxc5 6. Na3 d6 7. Nb5 a6 8. Nbd4 Nf6 9. Bd3 O-O 10. O-O Nbd7 11. h3 b6 12. Qe2 Bb7 13. Nb3 Qc7 14. Kh1 Rfe8 15. c4 Rac8 16. Bf4 Qb8 17. Rab1 Qa8 18. Rfe1 a5 19. Nbd2 Nc5 20. Bc2 Nh5 21. Bg5 h6 22. Bh4 Nf4 23. Qe3 e5 24. Bg3 Nfe6 25. Qa3 Rf8 26. b4 axb4 27. Qxb4 Bc6 28. a3 f5 29. exf5 gxf5 30. Nh4 Nd4 31. Rbc1 Nxc2 32. Rxc2 Nd3 33. Qb1 Nxe1 34. Qxe1 Qxa3 35. Nb1 Qd3 0-1

[Event "CAN-op"]
[Site "Ottawa CAN"]
[Date "2013.07.15"]
[Round "4.18"]
[White "Calugar, Arthur"]
[Black "Wan, Kevin"]
[Result "1-0"]
[WhiteElo "2418"]
[BlackElo "2148"]
[PlyCount "63"]
[GameId "2160767909313673"]
[EventDate "2013.07.13"]
[EventType "swiss"]
[EventRounds "9"]
[EventCountry "CAN"]

1. e4 e6 2. d4 d5 3. e5 c5 4. c3 Nc6 5. Nf3 Qb6 6. a3 Nh6 7. b4 cxd4 8. Bxh6 gxh6 9. cxd4 Bd7 10. Ra2 Rg8 11. h3 Be7 12. g3 a6 13. Be2 f6 14. Qd3 Rg7 15. Nc3 fxe5 16. Nxe5 Qxd4 17. Bh5+ Rg6 18. Bxg6+ hxg6 19. Qxg6+ Kd8 20. Nf7+ Kc7 21. Rc2 Kb6 22. O-O Ne5 23. Nxe5 Qxe5 24. Qxh6 d4 25. Re2 Qf5 26. Qg7 Qxh3 27. Qxd4+ Kc7 28. Qf4+ Kb6 29. Nd5+ exd5 30. Qe3+ Kc7 31. Rc1+ Bc6 32. Qxe7+ 1-0

[Event "CAN-op"]
[Site "Ottawa CAN"]
[Date "2013.07.16"]
[Round "5"]
[White "Armstrong, Robert J"]
[Black "Cohen, David"]
[Result "0-1"]
[WhiteElo "1590"]
[BlackElo "1866"]
[PlyCount "60"]
[GameId "2160767739579303"]
[EventDate "2013.07.13"]
[EventType "swiss"]
[EventRounds "9"]
[EventCountry "CAN"]
[TimeControl "5400+30"]

1. d4 Nf6 2. c4 g6 3. Nc3 Bg7 4. e4 d6 5. f3 O-O 6. Be3 Nbd7 7. g4 c5 8. Nge2 cxd4 9. Nxd4 Nc5 10. h4 h5 11. g5 Nh7 12. Qc2 a5 13. f4 Bd7 14. f5 Qb6 15. Nd5 Qd8 16. Bh3 Be5 17. O-O-O e6 18. Nf4 Bxf4 19. Bxf4 e5 20. Bxe5 dxe5 21. Nf3 Qc7 22. Rd5 Rfe8 23. Rhd1 Nf8 24. Bg2 b6 25. Rd6 Bc6 26. Ng1 Rad8 27. Rf6 Rxd1+ 28. Qxd1 Nxe4 29. Bxe4 Bxe4 30. fxg6 Qxc4+ 0-1

[Event "CAN-op"]
[Site "Ottawa CAN"]
[Date "2013.07.16"]
[Round "5"]
[White "Cao, Jason"]
[Black "Perez Rodriguez, Luis Manuel"]
[Result "1/2-1/2"]
[WhiteElo "2060"]
[BlackElo "2427"]
[PlyCount "49"]
[GameId "2160767909313675"]
[EventDate "2013.07.13"]
[EventType "swiss"]
[EventRounds "9"]
[EventCountry "CAN"]
[SourceTitle "CBM 155 Extra"]
[Source "ChessBase"]
[SourceDate "2013.08.26"]
[SourceVersion "1"]
[SourceVersionDate "2013.08.26"]
[SourceQuality "1"]

1. e4 e5 2. Nf3 Nc6 3. d4 exd4 4. Nxd4 d6 5. Nc3 Nf6 6. Bb5 Bd7 7. Bxc6 bxc6 8. Qf3 c5 9. Nf5 Bxf5 10. Qxf5 Qd7 11. Qf3 Qg4 12. Qxg4 Nxg4 13. Nd5 O-O-O 14. f3 Ne5 15. Bg5 f6 16. Bf4 Ng6 17. Bg3 Ne7 18. O-O-O Nxd5 19. exd5 g6 20. c4 Kd7 21. Kc2 Kc8 22. Kc1 Kd7 23. Kc2 Kc8 24. Kc1 Kd7 25. Kc2 1/2-1/2

[Event "CAN-op"]
[Site "Ottawa CAN"]
[Date "2013.07.16"]
[Round "5"]
[White "Hambleton, Aman"]
[Black "Bruzon Batista, Lazaro"]
[Result "1/2-1/2"]
[WhiteElo "2480"]
[BlackElo "2689"]
[PlyCount "103"]
[GameId "2160767909313677"]
[EventDate "2013.07.13"]
[EventType "swiss"]
[EventRounds "9"]
[EventCountry "CAN"]
[SourceTitle "CBM 155 Extra"]
[Source "ChessBase"]
[SourceDate "2013.08.26"]
[SourceVersion "1"]
[SourceVersionDate "2013.08.26"]
[SourceQuality "1"]

1. d4 Nf6 2. c4 e6 3. Nc3 Bb4 4. Qc2 d6 5. a3 Bxc3+ 6. Qxc3 Nbd7 7. f3 e5 8. dxe5 Nxe5 9. e4 O-O 10. Bg5 Re8 11. Ne2 Nxe4 12. Bxd8 Nxc3 13. Bxc7 Nxe2 14. Kxe2 Be6 15. Kf2 Bxc4 16. Bxd6 Bxf1 17. Bxe5 Bxg2 18. Rhe1 Bh3 19. Bd4 Red8 20. Rad1 h6 21. Rg1 f6 22. Be3 h5 23. Rxd8+ Rxd8 24. Rc1 a6 25. Rc7 b5 26. Rc6 Ra8 27. Rc7 Bf5 28. h4 Kh7 29. Ra7 Rc8 30. Bd4 Rc6 31. Bc3 Bd3 32. Rd7 Bc4 33. Bb4 Be6 34. Rd6 Rc2+ 35. Rd2 Rc1 36. Bc3 Rh1 37. Rd4 Kg6 38. Kg2 Rb1 39. Re4 Bd5 40. Re1 Rxe1 41. Bxe1 Kf5 42. Kf2 g5 43. Ke3 Bb3 44. Bf2 Bd1 45. Be1 Ke6 46. f4 gxh4 47. Bxh4 Kf5 48. Kf2 Bb3 49. Kg3 a5 50. Kf3 Bd5+ 51. Kg3 a4 52. Kh2 1/2-1/2

[Event "CAN-op"]
[Site "Ottawa CAN"]
[Date "2013.07.16"]
[Round "5"]
[White "Pacey, Kevin"]
[Black "Calugar, Arthur"]
[Result "0-1"]
[WhiteElo "2179"]
[BlackElo "2282"]
[PlyCount "138"]
[GameId "2160767909313681"]
[EventDate "2013.07.13"]
[EventType "swiss"]
[EventRounds "9"]
[EventCountry "CAN"]
[SourceTitle "CBM 155 Extra"]
[Source "ChessBase"]
[SourceDate "2013.08.26"]
[SourceVersion "1"]
[SourceVersionDate "2013.08.26"]
[SourceQuality "1"]

1. Nf3 Nf6 2. c4 g6 3. Nc3 d5 4. cxd5 Nxd5 5. e4 Nxc3 6. dxc3 Nd7 7. Bc4 e6 8. Qd4 Rg8 9. Bg5 Be7 10. Bxe7 Qxe7 11. Rd1 e5 12. Qe3 Nb6 13. Bd5 Nxd5 14. exd5 Bg4 15. O-O Bxf3 16. Qxf3 O-O-O 17. Qe3 Kb8 18. Rfe1 Rge8 19. c4 f5 20. f4 e4 21. c5 h6 22. b4 g5 23. Rf1 gxf4 24. Qxf4 e3 25. Rfe1 Qe4 26. g3 Qxf4 27. gxf4 Re4 28. a3 Kc8 29. Re2 a5 30. b5 Rxf4 31. Rxe3 Rc4 32. c6 bxc6 33. bxc6 Rxc6 34. dxc6 Rxd1+ 35. Kf2 Kd8 36. Re5 Rd2+ 37. Ke3 Rxh2 38. Rxa5 Rc2 39. Kf4 Rxc6 40. Kxf5 Rd6 41. a4 Kd7 42. Ra7 Kc6 43. a5 h5 44. Kg5 Rd5+ 45. Kh4 Rf5 46. Kg3 Rc5 47. Kh4 Kb5 48. Ra8 Rc4+ 49. Kxh5 Ra4 50. Rb8+ Kxa5 51. Kg5 c5 52. Kf5 Rd4 53. Ke5 Rd1 54. Ke4 c4 55. Ke3 c3 56. Rc8 Kb4 57. Ke2 Rd7 58. Rb8+ Ka3 59. Rc8 Kb2 60. Rb8+ Kc2 61. Rb6 Re7+ 62. Kf2 Kd2 63. Rd6+ Kc1 64. Rd8 c2 65. Rb8 Re5 66. Rb7 Kd2 67. Rd7+ Kc3 68. Rc7+ Kd3 69. Rd7+ Kc4 0-1

[Event "CAN-op"]
[Site "Ottawa CAN"]
[Date "2013.07.16"]
[Round "5"]
[White "Perelshteyn, Eugene"]
[Black "Kiewra, Keaton F"]
[Result "1/2-1/2"]
[WhiteElo "2513"]
[BlackElo "2422"]
[PlyCount "175"]
[GameId "2160767909313683"]
[EventDate "2013.07.13"]
[EventType "swiss"]
[EventRounds "9"]
[EventCountry "CAN"]
[SourceTitle "CBM 155 Extra"]
[Source "ChessBase"]
[SourceDate "2013.08.26"]
[SourceVersion "1"]
[SourceVersionDate "2013.08.26"]
[SourceQuality "1"]

1. d4 Nf6 2. c4 g6 3. Nc3 Bg7 4. e4 O-O 5. Nf3 c6 6. e5 Ne8 7. Bf4 d6 8. h3 Nd7 9. exd6 Nxd6 10. c5 Nf5 11. Be2 Nxd4 12. Nxd4 e5 13. Ne6 fxe6 14. Be3 Qa5 15. O-O Nxc5 16. Qd6 Nd7 17. Qxe6+ Kh8 18. Rad1 Nc5 19. Qc4 Ne6 20. b4 Qc7 21. Bc5 Rf4 22. Ne4 Nd4 23. Bxd4 exd4 24. Bd3 Bf5 25. Nc5 b6 26. Bxf5 bxc5 27. Bd3 cxb4 28. Qxb4 Rb8 29. Qc4 c5 30. Rc1 Bf8 31. Rfe1 Qf7 32. Qc2 Bd6 33. Bc4 Qf5 34. Qxf5 Rxf5 35. Re6 Bf8 36. Ra6 Rb2 37. Rf1 Rb4 38. Rc1 Bh6 39. Rc2 Rb1+ 40. Kh2 Rc1 41. Rxc1 Bxc1 42. f3 Re5 43. Rxa7 Re3 44. Rd7 Rc3 45. Bb3 c4 46. Rxd4 cxb3 47. axb3 Rxb3 48. h4 Rb7 49. Rd5 Kg7 50. Kh3 Rf7 51. Rb5 Bf4 52. h5 g5 53. g3 Be3 54. Re5 Rxf3 55. Kg4 Bd4 56. Rxg5+ Kf6 57. Kxf3 Kxg5 58. g4 h6 59. Kg3 Kf6 60. Kf4 Be5+ 61. Ke4 Ke6 62. Kf3 Bb2 63. Kf4 Bc1+ 64. Ke4 Bg5 65. Kd4 Kd6 66. Ke4 Kc5 67. Kd3 Kd5 68. Ke2 Ke4 69. Kf2 Bf4 70. Ke2 Be3 71. Kd1 Kd3 72. Ke1 Bg5 73. Kf2 Kd2 74. Kf3 Ke1 75. Ke4 Ke2 76. Kd4 Kf3 77. Kd5 Ke3 78. Kc4 Ke4 79. Kc3 Bf4 80. Kc4 Be5 81. Kc5 Bb2 82. Kd6 Ba3+ 83. Kc6 Ke5 84. Kb5 Kd5 85. Ka4 Be7 86. Kb3 Kd4 87. Kc2 Bb4 88. Kb3 1/2-1/2

[Event "CAN-op"]
[Site "Ottawa CAN"]
[Date "2013.07.16"]
[Round "5"]
[White "Sohal, Tanraj"]
[Black "Chirila, Ioan Christian"]
[Result "0-1"]
[WhiteElo "2263"]
[BlackElo "2519"]
[PlyCount "134"]
[GameId "2160767909313686"]
[EventDate "2013.07.13"]
[EventType "swiss"]
[EventRounds "9"]
[EventCountry "CAN"]

1. d4 Nf6 2. c4 g6 3. Nc3 d5 4. Bg5 Ne4 5. Bh4 Nxc3 6. bxc3 dxc4 7. e3 Be6 8. Qb1 Qd5 9. Nf3 Qa5 10. Qc2 Nd7 11. e4 Bg7 12. Be2 Nb6 13. O-O Bg4 14. h3 Bxf3 15. Bxf3 e5 16. d5 O-O 17. Be7 Rfe8 18. Bb4 Qa4 19. Qb1 Bf8 20. Bd1 Qd7 21. Bg4 Qd8 22. Ba5 Qd6 23. a4 Rab8 24. Qa2 h5 25. Be2 Rec8 26. Rfc1 Nd7 27. Bxc4 Qf6 28. Bb4 Nc5 29. Qe2 Qf4 30. Re1 a5 31. Bxc5 Bxc5 32. Rad1 Rd8 33. Rd3 Rd6 34. Rf3 Qg5 35. Kh2 Kg7 36. Rd1 Rbd8 37. Qd2 Qe7 38. Rb1 Bb6 39. Qe2 Rf6 40. Rxf6 Qxf6 41. Rf1 Qe7 42. Rd1 Qa3 43. d6 Rxd6 44. Rxd6 Qxd6 45. g3 Qc6 46. Kg2 Qxa4 47. Qd3 Qc6 48. Bd5 Qf6 49. Qd2 Qd6 50. Qa2 Qc5 51. Bxb7 Qxc3 52. Bd5 Qe1 53. g4 h4 54. Qc2 a4 55. Qa2 Bd4 56. Bc6 a3 57. Bd5 c5 58. Qc2 Kf6 59. Qa2 c4 60. Bxc4 Qxe4+ 61. Kg1 Qf3 62. Bd5 Qxh3 63. Bxf7 Qg3+ 64. Kh1 Qf3+ 65. Kh2 Qxf2+ 66. Qxf2+ Bxf2 67. Bd5 e4 0-1

[Event "CAN-op"]
[Site "Ottawa CAN"]
[Date "2013.07.16"]
[Round "5"]
[White "Vera, Reynaldo"]
[Black "Fu, James"]
[Result "1-0"]
[WhiteElo "2462"]
[BlackElo "2042"]
[PlyCount "119"]
[GameId "2160767909313687"]
[EventDate "2013.07.13"]
[EventType "swiss"]
[EventRounds "9"]
[EventCountry "CAN"]
[SourceTitle "CBM 155 Extra"]
[Source "ChessBase"]
[SourceDate "2013.08.26"]
[SourceVersion "1"]
[SourceVersionDate "2013.08.26"]
[SourceQuality "1"]

1. d4 Nf6 2. Nf3 d5 3. c4 e6 4. g3 g6 5. Bg2 Bg7 6. O-O O-O 7. Qc2 Nbd7 8. Rd1 c6 9. Nbd2 Re8 10. e4 Nxe4 11. Nxe4 dxe4 12. Qxe4 e5 13. d5 Nf6 14. Qc2 cxd5 15. cxd5 e4 16. Ne1 Bg4 17. Bf4 Rc8 18. Qb3 Bxd1 19. Rxd1 Qb6 20. Qxb6 axb6 21. Bh3 Rcd8 22. d6 Nd7 23. Bg5 f6 24. Be3 f5 25. g4 Re5 26. gxf5 gxf5 27. Ng2 Rf8 28. b4 Re6 29. Nh4 Re5 30. Bf4 Rb5 31. a3 Be5 32. Bf1 Bxf4 33. Bxb5 Ne5 34. d7 Bg5 35. Rd5 Nxd7 36. Bxd7 Bxh4 37. Bxf5 Ra8 38. Bxe4 Rxa3 39. Rd7 Ra4 40. Bxh7+ Kf8 41. b5 Ra1+ 42. Kg2 Ra2 43. Rxb7 Bxf2 44. Kf3 Bc5 45. h4 Rb2 46. Bd3 Rf2+ 47. Kg3 Rf7 48. Rb8+ Kg7 49. Rd8 Rf8 50. Rd7+ Rf7 51. Rd5 Kh6 52. Kg4 Rg7+ 53. Kf5 Rf7+ 54. Ke5 Be7 55. Ke6 Rg7 56. h5 Bc5 57. Bg6 Re7+ 58. Kf6 Re1 59. Rd7 Rf1+ 60. Bf5 1-0

[Event "CAN-op"]
[Site "Ottawa CAN"]
[Date "2013.07.16"]
[Round "5"]
[White "Villavieja, Butch"]
[Black "Cheng, Bindi"]
[Result "0-1"]
[WhiteElo "2211"]
[BlackElo "2406"]
[PlyCount "116"]
[GameId "2160767909313688"]
[EventDate "2013.07.13"]
[EventType "swiss"]
[EventRounds "9"]
[EventCountry "CAN"]
[SourceTitle "CBM 155 Extra"]
[Source "ChessBase"]
[SourceDate "2013.08.26"]
[SourceVersion "1"]
[SourceVersionDate "2013.08.26"]
[SourceQuality "1"]

1. e4 c5 2. c3 d6 3. d4 Nf6 4. dxc5 Nc6 5. Qc2 dxc5 6. Bg5 g6 7. Nf3 Bg7 8. Bc4 O-O 9. O-O Qc7 10. Nbd2 Nh5 11. Rfe1 b6 12. Bd5 Bb7 13. Rad1 Kh8 14. a4 h6 15. Bh4 e6 16. Ba2 g5 17. Bg3 Nxg3 18. hxg3 g4 19. Nh2 Ne5 20. Nc4 h5 21. Qc1 Nxc4 22. Bxc4 Qe5 23. Qe3 Rad8 24. Rxd8 Rxd8 25. Nf1 Qf6 26. Qe2 Bh6 27. e5 Qf5 28. Ba6 Bc6 29. Bb5 Ba8 30. Bc4 Kg7 31. Bb5 Bg5 32. Bc4 Bh6 33. Ra1 Kg8 34. Re1 Bg7 35. Bb5 Qg5 36. Bc4 Kf8 37. Bb3 Bb7 38. a5 Bc6 39. axb6 axb6 40. Qa6 Rb8 41. Qd3 Bxe5 42. Qe2 Bf6 43. Rd1 Be7 44. Bc2 Kg7 45. Ne3 b5 46. Qd3 Rh8 47. Qe2 c4 48. Rd4 Rd8 49. Qd1 Qf6 50. Bb1 Rxd4 51. cxd4 Bd8 52. Qc2 Qxd4 53. Qh7+ Kf8 54. Qxh5 Bb6 55. Qh6+ Ke8 56. Qh7 Qd2 57. Nxg4 Qd1+ 58. Kh2 Qxg4 0-1

[Event "CAN-op"]
[Site "Ottawa CAN"]
[Date "2013.07.16"]
[Round "5.2"]
[White "Sokolov, Ivan"]
[Black "Gerzhoy, Leonid"]
[Result "1-0"]
[WhiteElo "2642"]
[BlackElo "2571"]
[PlyCount "70"]
[GameId "2160767739579304"]
[EventDate "2013.07.13"]
[EventType "swiss"]
[EventRounds "9"]
[EventCountry "CAN"]

1. d4 d5 2. c4 e6 3. Nf3 c6 4. e3 Bd6 5. Bd3 f5 6. O-O Nf6 7. b3 Qe7 8. Nc3 O-O 9. Bb2 a6 10. a4 a5 11. Ne5 Na6 12. Rc1 Nb4 13. Bb1 Bd7 14. f3 Be8 15. Qe1 Nd7 16. Ne2 Nxe5 17. dxe5 Bc7 18. c5 g5 19. Bd4 Bg6 20. Nc3 Qg7 21. f4 gxf4 22. exf4 Kh8 23. Rf2 Rg8 24. Qe3 Qh6 25. Ne2 Raf8 26. Bb2 Bd8 27. Nd4 Be8 28. Kh1 Rg4 29. g3 Be7 30. Rg2 Na6 31. Bd3 Nxc5 32. Nxf5 exf5 33. Rxc5 Bxc5 34. Qxc5 Kg8 35. Qxa5 Qe6 {... Black resigned on move 62} 1-0

[Event "CAN-op"]
[Site "Ottawa CAN"]
[Date "2013.07.17"]
[Round "6"]
[White "Botez, Alexandra"]
[Black "Perez Garcia, Rodney Oscar"]
[Result "1/2-1/2"]
[WhiteElo "2204"]
[BlackElo "2364"]
[PlyCount "60"]
[GameId "2160767909313689"]
[EventDate "2013.07.13"]
[EventType "swiss"]
[EventRounds "9"]
[EventCountry "CAN"]
[SourceTitle "CBM 155 Extra"]
[Source "ChessBase"]
[SourceDate "2013.08.26"]
[SourceVersion "1"]
[SourceVersionDate "2013.08.26"]
[SourceQuality "1"]

1. d4 d5 2. c4 c6 3. cxd5 cxd5 4. Nc3 Nf6 5. Bf4 Nc6 6. Nf3 a6 7. e3 Bg4 8. h3 Bxf3 9. Qxf3 e6 10. Bd3 Bd6 11. Bg5 h6 12. Bxf6 Qxf6 13. Qxf6 gxf6 14. Ke2 Ke7 15. Rac1 Rac8 16. Na4 Rc7 17. Nb6 Na7 18. a3 Nc8 19. Rxc7+ Bxc7 20. Nxc8+ Rxc8 21. Rc1 Kd7 22. Kf3 Bd6 23. Rxc8 Kxc8 24. g4 a5 25. a4 Kd8 26. e4 dxe4+ 27. Kxe4 Bb4 28. Bc4 Be1 29. f4 Ke7 30. Bb5 b6 1/2-1/2